000 00404nam a2200169 a 4500
001 1762492939783
003 ACL
005 20251107105649.0
008 251107s2005##################000#0#eng##
020 _a9788176499484
082 0 4 _a658.4012
_bPAL
100 1 _aPaley, Norton,
_eauthor.
245 1 0 _aSuccessful Business Planning :
260 _c2005.
942 _cENGLISH
040 _aACL
_beng
_cACL
999 _c596393
_d596393